Technická normalizácia a akosť výrobkov /

Na minha lista:
Detalhes bibliográficos
Autor principal: Rehák, Štefan (Author)
Formato: Livro
Idioma:eslovaco
Publicado em: Bratislava : Alfa, 1982
Assuntos:
Tags: Adicionar Tag
Sem tags, seja o primeiro a adicionar uma tag!

MARC

LEADER 00000nam a22000003a 4500
001 stu41297
005 20150617225719.5
008 931118s1982----cs------------------slo-d
040 |a STU  |b slo 
041 0 |a slo 
044 |a cs 
080 |a 658.562 
100 1 |a Rehák, Štefan  |4 aut 
245 1 |a Technická normalizácia a akosť výrobkov /  |c [aut.]Štefan Rehák 
260 |a Bratislava :  |b Alfa,  |c 1982 
300 |a 282 s 
650 7 |a kvalita výrobkov  |2 stusub 
650 7 |a Normalizácia technická  |2 stusub 
650 7 |a výrobky  |2 stusub 
996 |b 284M014818  |c M*6415-2  |l MMKN  |s A  |a 24  |w stu41297_0001 
996 |b 284M014819  |c M*6415-3  |l MMKN  |s A  |a 24  |w stu41297_0002 
996 |b M 19817  |c M*6415-1  |l MMKN  |s A  |a 24  |w stu41297_0003